000 00308nam a2200121Ia 4500
999 _c11962
_d11962
020 _a978-0-07-070655-2.
082 _a510
100 _aFrank S.Budnick
245 0 _aApplied Mathematics for Business Economics and School Science
260 _aNew Delhi
_bMcGraw -Hill
_c1993
300 _a1136
942 _cBK